[Event "41. Torneo de Ajedrez Villa de Mislata"]
[Site "Mislata ESP"]
[Date "2007.08.25"]
[Round "4.16"]
[White "Ballester Llagaria, Luis Eduardo"]
[Black "Garcia Vazquez, Jhoel"]
[Result "0-1"]
[WhiteElo "2002"]
[BlackElo "2229"]
[PlyCount "68"]
[EventDate "2007.08.23"]
[EventType "swiss"]
[EventRounds "9"]
[EventCountry "ESP"]
[Source "lmi"]
[SourceDate "2007.08.23"]

1. e4 c5 2. Nf3 Nc6 3. d4 cxd4 4. Nxd4 g6 5. Nc3 Bg7 6. Be3 Nf6 7. Bc4 d6 8.
Bb3 O-O 9. h3 Bd7 10. O-O Rc8 11. Re1 Qa5 12. f4 e5 13. Ndb5 Rcd8 14. Qf3 Ne8
15. Na3 b5 16. f5 Nd4 17. Bxd4 exd4 18. Nd5 b4 19. Nc4 Qc5 20. Kh1 Bb5 21. Nd2
a5 22. fxg6 fxg6 23. Qg4 Kh8 24. Nf4 Nc7 25. Qh4 Bf6 26. Qg4 Bg5 27. g3 a4 28.
Bd5 Bxf4 29. gxf4 Nxd5 30. exd5 Qxd5+ 31. Kh2 d3 32. cxd3 Qxd3 33. Rad1 Qc2 34.
Re7 Rde8 0-1

[Event "41. Torneo de Ajedrez Villa de Mislata"]
[Site "Mislata ESP"]
[Date "2007.08.25"]
[Round "4.17"]
[White "Monell Camarasa, David"]
[Black "Cortes Ruiz, Javier"]
[Result "1-0"]
[WhiteElo "2224"]
[BlackElo "1945"]
[PlyCount "45"]
[EventDate "2007.08.23"]
[EventType "swiss"]
[EventRounds "9"]
[EventCountry "ESP"]
[Source "lmi"]
[SourceDate "2007.08.23"]

1. d4 c5 2. d5 e5 3. e4 d6 4. Bd3 Be7 5. Ne2 Bg4 6. f3 Bh4+ 7. Ng3 Bd7 8. a4
Ne7 9. Nd2 f5 10. exf5 Nxd5 11. Nde4 Bc6 12. Bb5 Ke7 13. O-O Nf6 14. Ng5 Bxg5
15. Bxg5 d5 16. Re1 Nbd7 17. f4 e4 18. c4 Kf7 19. cxd5 Bxd5 20. Nxe4 Bxe4 21.
Rxe4 Qc7 22. Qb3+ Kf8 23. Qe3 1-0

[Event "41. Torneo de Ajedrez Villa de Mislata"]
[Site "Mislata ESP"]
[Date "2007.08.25"]
[Round "4.18"]
[White "Angulo Martinez, Jon"]
[Black "Carbonell Vila, Juan Luis"]
[Result "1-0"]
[WhiteElo "2198"]
[BlackElo "1943"]
[PlyCount "81"]
[EventDate "2007.08.23"]
[EventType "swiss"]
[EventRounds "9"]
[EventCountry "ESP"]
[Source "lmi"]
[SourceDate "2007.08.23"]

1. e4 e6 2. d3 d5 3. Qe2 Ne7 4. Nf3 h6 5. g3 c6 6. Bg2 Ng6 7. O-O Bd6 8. h4 Nd7
9. h5 Nge5 10. Nxe5 Nxe5 11. d4 Nd7 12. e5 Be7 13. Qg4 Kf8 14. f4 f5 15. Qg6
Nb6 16. g4 Qe8 17. gxf5 exf5 18. Qxe8+ Kxe8 19. a4 Be6 20. Nc3 Kf7 21. Be3 Rag8
22. Kf2 g6 23. hxg6+ Rxg6 24. Bf3 h5 25. Rh1 h4 26. Rh3 Nc4 27. Bc1 Rhg8 28.
Bh5 Kf8 29. Bxg6 Rxg6 30. b3 Nb6 31. Ba3 Bxa3 32. Rxa3 Rg4 33. Ne2 Nd7 34. Ra1
b6 35. Rah1 c5 36. Rxh4 Rxh4 37. Rxh4 Kg7 38. Rh1 Nf8 39. a5 Ng6 40. axb6 axb6
41. Ke3 1-0

[Event "41. Torneo de Ajedrez Villa de Mislata"]
[Site "Mislata ESP"]
[Date "2007.08.26"]
[Round "5.1"]
[White "Rodriguez Guerrero, Enrique"]
[Black "Castellanos Rodriguez, Renier"]
[Result "1/2-1/2"]
[WhiteElo "2447"]
[BlackElo "2471"]
[PlyCount "40"]
[EventDate "2007.08.23"]
[EventType "swiss"]
[EventRounds "9"]
[EventCountry "ESP"]
[Source "lmi"]
[SourceDate "2007.08.23"]

1. e4 c5 2. Nf3 e6 3. d4 cxd4 4. Nxd4 a6 5. Be2 Nf6 6. Nc3 Qc7 7. O-O d6 8. f4
Be7 9. Kh1 O-O 10. Be3 b5 11. e5 dxe5 12. fxe5 Nfd7 13. Bf4 Bb7 14. Bd3 Nc5 15.
Qg4 Nc6 16. Ne4 Nxd3 17. Nxc6 Nxf4 18. Nxe7+ Qxe7 19. Rxf4 Bxe4 20. Rxe4 Qc5
1/2-1/2

[Event "41. Torneo de Ajedrez Villa de Mislata"]
[Site "Mislata ESP"]
[Date "2007.08.26"]
[Round "5.2"]
[White "Hernandez, Holden"]
[Black "Camarena Gimenez, Rufino"]
[Result "1-0"]
[WhiteElo "2544"]
[BlackElo "2332"]
[PlyCount "61"]
[EventDate "2007.08.23"]
[EventType "swiss"]
[EventRounds "9"]
[EventCountry "ESP"]
[Source "lmi"]
[SourceDate "2007.08.23"]

1. d4 d5 2. c4 c6 3. Nc3 Nf6 4. e3 g6 5. Nf3 Bg7 6. cxd5 cxd5 7. Bb5+ Nbd7 8.
Qb3 e6 9. O-O O-O 10. Bd2 a6 11. Bxd7 Nxd7 12. e4 dxe4 13. Nxe4 Qb6 14. Qa3 Nf6
15. Nxf6+ Bxf6 16. Bb4 Re8 17. Rfd1 Bd7 18. Ne5 Bc6 19. Rac1 a5 20. Bd6 Rac8
21. Ng4 Bg7 22. Be5 Qd8 23. Bxg7 Kxg7 24. Qe3 Qh4 25. f3 f6 26. Rc5 b6 27. g3
Qh5 28. Rc3 Bd5 29. Rdc1 Rxc3 30. Rxc3 Re7 31. Qf4 1-0

[Event "41. Torneo de Ajedrez Villa de Mislata"]
[Site "Mislata ESP"]
[Date "2007.08.26"]
[Round "5.3"]
[White "Cabrera Pino, Alexis"]
[Black "Ipatov, Alexander"]
[Result "0-1"]
[WhiteElo "2514"]
[BlackElo "2298"]
[PlyCount "80"]
[EventDate "2007.08.23"]
[EventType "swiss"]
[EventRounds "9"]
[EventCountry "ESP"]
[Source "lmi"]
[SourceDate "2007.08.23"]

1. e4 e5 2. Nf3 Nf6 3. Nxe5 d6 4. Nf3 Nxe4 5. Nc3 Nxc3 6. dxc3 Be7 7. Bf4 Nd7
8. Qd2 O-O 9. O-O-O Nc5 10. Be3 Re8 11. Bc4 Be6 12. Bxe6 Nxe6 13. h4 Qd7 14.
Qd5 Qc6 15. Qh5 Qc4 16. Ng5 Bxg5 17. hxg5 Nf8 18. Rdg1 Re4 19. Rh3 Rae8 20.
Rgh1 Qe6 21. Qd1 b6 22. b3 d5 23. Qd3 c6 24. Kb2 Qg6 25. a4 Qe6 26. Rh5 c5 27.
g6 Nxg6 28. Rxh7 f5 29. g3 Re7 30. R1h5 d4 31. cxd4 cxd4 32. Bd2 Ne5 33. Qb5 d3
34. Be3 dxc2 35. a5 Rb4 36. Qxb4 Nd3+ 37. Ka3 Nxb4 38. Kxb4 Qd6+ 39. Kc3 Rc7+
40. Kb2 Qe5+ 0-1

[Event "41. Torneo de Ajedrez Villa de Mislata"]
[Site "Mislata ESP"]
[Date "2007.08.26"]
[Round "5.4"]
[White "Mellado Triviño, Joan"]
[Black "Torres Sanchez, Jose"]
[Result "1-0"]
[WhiteElo "2389"]
[BlackElo "2292"]
[PlyCount "89"]
[EventDate "2007.08.23"]
[EventType "swiss"]
[EventRounds "9"]
[EventCountry "ESP"]
[Source "lmi"]
[SourceDate "2007.08.23"]

1. d4 Nf6 2. Bg5 e6 3. Nd2 d5 4. e4 dxe4 5. Nxe4 Nbd7 6. Nf3 Be7 7. Nxf6+ Bxf6
8. Bxf6 Qxf6 9. Bd3 b6 10. Be4 Rb8 11. Qd3 c5 12. O-O g6 13. Qa3 Bb7 14. Rfe1
Bxe4 15. Rxe4 Qf5 16. Rae1 O-O 17. Qxa7 Nf6 18. Re5 Qxc2 19. R5e2 Qf5 20. Ne5
Nd5 21. dxc5 Ra8 22. Qd7 bxc5 23. a3 Rfd8 24. Qc6 Rac8 25. Qa6 Nf4 26. Re3 Rb8
27. Nc6 Qg4 28. Qf1 Nd5 29. Re4 Qg5 30. Nxd8 Qxd8 31. R1e2 Qf6 32. Qc1 Rd8 33.
g3 Qf5 34. Qxc5 Qf3 35. Qc1 h5 36. h4 Kh7 37. Re1 Rd7 38. Qd1 Qf5 39. Qe2 Kg7
40. Re5 Qh3 41. Qf3 Nf6 42. R5e2 Rd4 43. b4 Rc4 44. b5 Nd5 45. Qg2 1-0

[Event "41. Torneo de Ajedrez Villa de Mislata"]
[Site "Mislata ESP"]
[Date "2007.08.26"]
[Round "5.5"]
[White "Serna Lara, Sergio"]
[Black "Alonso Moyano, Jonathan"]
[Result "0-1"]
[WhiteElo "2270"]
[BlackElo "2372"]
[PlyCount "88"]
[EventDate "2007.08.23"]
[EventType "swiss"]
[EventRounds "9"]
[EventCountry "ESP"]
[Source "lmi"]
[SourceDate "2007.08.23"]

1. d4 f5 2. g3 Nf6 3. Bg2 g6 4. c4 Bg7 5. Nc3 d6 6. Nh3 O-O 7. Bg5 c6 8. Qd2 e5
9. d5 c5 10. e4 Na6 11. O-O Nc7 12. Rae1 Rb8 13. f4 exf4 14. exf5 fxg3 15. fxg6
gxh2+ 16. Kh1 hxg6 17. Nf4 Bf5 18. Ne6 Qd7 19. Nxg7 Qxg7 20. Bh6 Qh7 21. Bxf8
Rxf8 22. Qg5 Qg7 23. Qg3 Nce8 24. Bh3 Nh5 25. Qxh2 Qh6 26. Rf3 Neg7 27. Ref1
Rd8 28. Kg1 a6 29. Bxf5 Nxf5 30. Ne4 Kh7 31. Rh3 Rf8 32. Qd2 Qxd2 33. Nxd2 b5
34. Ne4 Kg7 35. Ng5 Rb8 36. Ne6+ Kf6 37. cxb5 Rxb5 38. b3 Rb4 39. Rf2 g5 40.
Nc7 Rg4+ 41. Kh2 Nf4 42. Rc3 Rh4+ 43. Kg1 Nh3+ 44. Rxh3 Rxh3 0-1

[Event "41. Torneo de Ajedrez Villa de Mislata"]
[Site "Mislata ESP"]
[Date "2007.08.26"]
[Round "5.6"]
[White "Kovacevic, Slobodan"]
[Black "Gabarro Sole, Ramon"]
[Result "1-0"]
[WhiteElo "2364"]
[BlackElo "2113"]
[PlyCount "91"]
[EventDate "2007.08.23"]
[EventType "swiss"]
[EventRounds "9"]
[EventCountry "ESP"]
[Source "lmi"]
[SourceDate "2007.08.23"]

1. d4 c5 2. e3 g6 3. c3 Bg7 4. Nd2 d6 5. Ngf3 Nf6 6. dxc5 dxc5 7. e4 O-O 8. Qc2
Qc7 9. Be2 b6 10. O-O Bb7 11. Re1 Nbd7 12. a4 a6 13. Bf1 e6 14. Nc4 Bc6 15. g3
Nh5 16. Na3 f5 17. Ng5 fxe4 18. Nxe6 Qd6 19. Nxf8 Rxf8 20. Be2 Ne5 21. Be3 Nf3+
22. Kg2 Nxe1+ 23. Rxe1 Qf6 24. Bxa6 Qf3+ 25. Kg1 Nf4 26. Bf1 Nd3 27. Re2 Nxf2
28. Bg2 Bxa4 29. Qd2 Ng4 30. Bxf3 exf3 31. Rf2 Re8 32. Qd5+ Kh8 33. Nc4 Bb3 34.
Qd7 Nf6 35. Qc6 Bxc4 36. Qxf3 Bd5 37. Qe2 Bh6 38. Bxh6 Rxe2 39. Rxe2 Kg8 40.
Re7 Ng4 41. Rg7+ Kh8 42. Rd7 Bc4 43. Bf4 Kg8 44. Rd6 b5 45. h3 g5 46. hxg4 1-0

[Event "41. Torneo de Ajedrez Villa de Mislata"]
[Site "Mislata ESP"]
[Date "2007.08.26"]
[Round "5.7"]
[White "Picazo Lopez, Juan Antonio"]
[Black "Garcia Roman, Daniel"]
[Result "0-1"]
[WhiteElo "2198"]
[BlackElo "2427"]
[PlyCount "81"]
[EventDate "2007.08.23"]
[EventType "swiss"]
[EventRounds "9"]
[EventCountry "ESP"]
[Source "lmi"]
[SourceDate "2007.08.23"]

1. d4 Nf6 2. c4 e6 3. Nc3 Bb4 4. e3 c5 5. Bd3 Nc6 6. Nge2 Bxc3+ 7. bxc3 d6 8.
O-O e5 9. e4 h6 10. d5 Ne7 11. f4 exf4 12. Nxf4 O-O 13. Nh5 Nxh5 14. Qxh5 Ng6
15. Be3 Qe7 16. Rae1 Qe5 17. Qxe5 Nxe5 18. Be2 Bd7 19. Bf4 Rfe8 20. Rf2 Re7 21.
h3 f6 22. Bf1 Be8 23. Rb2 b6 24. a4 Bg6 25. Kf2 Rae8 26. a5 bxa5 27. Ra2 Rb8
28. Rxa5 Rb2+ 29. Kg1 Rc2 30. Bxe5 Rxe5 31. Rxa7 Bxe4 32. Ra8+ Kf7 33. Ra7+ Kg6
34. Rd7 Bf5 35. Rxe5 dxe5 36. Rc7 h5 37. Rxc5 e4 38. Rc7 Kg5 39. Rxg7+ Kf4 40.
Re7 e3 41. d6 0-1

[Event "41. Torneo de Ajedrez Villa de Mislata"]
[Site "Mislata ESP"]
[Date "2007.08.26"]
[Round "5.8"]
[White "Castella Garcia, Fausto"]
[Black "Astasio Lopez, David"]
[Result "1/2-1/2"]
[WhiteElo "2381"]
[BlackElo "2176"]
[PlyCount "82"]
[EventDate "2007.08.23"]
[EventType "swiss"]
[EventRounds "9"]
[EventCountry "ESP"]
[Source "lmi"]
[SourceDate "2007.08.23"]

1. e4 c5 2. Nf3 e6 3. Nc3 Nc6 4. Bb5 Nf6 5. e5 Nd5 6. Nxd5 exd5 7. O-O a6 8.
Be2 d6 9. exd6 Bxd6 10. d4 cxd4 11. h3 O-O 12. Nxd4 Re8 13. Bf3 Qf6 14. Ne2
Bxh3 15. Qxd5 Bf5 16. Ng3 Bxc2 17. Bg5 Qe5 18. Rac1 Nd4 19. Qxe5 Bxe5 20. Bxb7
Ra7 21. Bc6 Rc8 22. Rfe1 Nxc6 23. Rxc2 Rac7 24. Nf5 f6 25. Bd2 g6 26. Nh6+ Kg7
27. Ng4 h5 28. Nxe5 Nxe5 29. Rxc7+ Rxc7 30. Bc3 Rc6 31. Rd1 Rc5 32. f3 Kf7 33.
Kf2 Ke6 34. Ke3 Nc4+ 35. Ke4 Nd6+ 36. Kd3 Kf5 37. Re1 Nb5 38. Bd2 Rd5+ 39. Kc2
g5 40. a4 Nd4+ 41. Kc3 Ne6 1/2-1/2

[Event "41. Torneo de Ajedrez Villa de Mislata"]
[Site "Mislata ESP"]
[Date "2007.08.26"]
[Round "5.9"]
[White "Berrocal Farina, Jorge"]
[Black "Jordan Arenas, Manuel"]
[Result "1-0"]
[WhiteElo "2353"]
[BlackElo "2161"]
[PlyCount "65"]
[EventDate "2007.08.23"]
[EventType "swiss"]
[EventRounds "9"]
[EventCountry "ESP"]
[Source "lmi"]
[SourceDate "2007.08.23"]

1. e4 d6 2. Nf3 Nf6 3. Nc3 g6 4. d4 Bg7 5. Be2 O-O 6. O-O Bg4 7. Be3 Nc6 8. d5
Nb8 9. Qd2 c6 10. Rfe1 cxd5 11. exd5 Nbd7 12. Bd4 Nb6 13. b3 Rc8 14. h3 Bf5 15.
Rac1 Rxc3 16. Qxc3 Nbxd5 17. Qc4 e5 18. Bb2 Qb8 19. Qa4 Bh6 20. Rcd1 Nb6 21.
Qh4 Bg7 22. c4 Nh5 23. c5 dxc5 24. Bxe5 Bxe5 25. Nxe5 Ng7 26. Bf3 Be6 27. Qe7
Nf5 28. Qxb7 Nd4 29. Qxb8 Rxb8 30. Be4 f5 31. Nc6 Re8 32. Nxd4 cxd4 33. Bc6 1-0

[Event "41. Torneo de Ajedrez Villa de Mislata"]
[Site "Mislata ESP"]
[Date "2007.08.26"]
[Round "5.10"]
[White "Sospedra Sebastian, Juan"]
[Black "Hernandez Casillas, Juanjo"]
[Result "1-0"]
[WhiteElo "2303"]
[BlackElo "2169"]
[PlyCount "89"]
[EventDate "2007.08.23"]
[EventType "swiss"]
[EventRounds "9"]
[EventCountry "ESP"]
[Source "lmi"]
[SourceDate "2007.08.23"]

1. d4 e6 2. c4 d5 3. Nc3 Nf6 4. cxd5 exd5 5. Bg5 Be7 6. e3 O-O 7. Qc2 c6 8. Bd3
h6 9. Bh4 Re8 10. Nge2 a5 11. O-O Na6 12. a3 Nc7 13. f3 Ne6 14. Bf2 c5 15. Rad1
Bd7 16. dxc5 Bxc5 17. Bf5 Rc8 18. Qb3 Nf4 19. Nxf4 Bxf5 20. Nfxd5 Rc6 21. Nxf6+
Qxf6 22. Nd5 Qg6 23. Qxb7 Bf8 24. Qb3 Bd6 25. Rfe1 Be6 26. e4 Qh5 27. Bg3 Bc5+
28. Kh1 Rec8 29. Qb5 Bxd5 30. Rxd5 Qg6 31. Red1 Bf8 32. Qxa5 Rc2 33. R5d2 R8c5
34. Qd8 Rc8 35. Qd3 R2c6 36. Qd5 Rc5 37. Qd7 R5c6 38. b4 Ra8 39. Qb7 Rca6 40.
Bf2 Rxa3 41. Rd8 Rxd8 42. Rxd8 Ra1+ 43. Bg1 Qf6 44. Qb8 Qe7 45. Re8 1-0

[Event "41. Torneo de Ajedrez Villa de Mislata"]
[Site "Mislata ESP"]
[Date "2007.08.26"]
[Round "5.11"]
[White "Gomez Peco, Pablo"]
[Black "Peña Riascos, Alexander"]
[Result "1/2-1/2"]
[WhiteElo "2166"]
[BlackElo "2296"]
[PlyCount "103"]
[EventDate "2007.08.23"]
[EventType "swiss"]
[EventRounds "9"]
[EventCountry "ESP"]
[Source "lmi"]
[SourceDate "2007.08.23"]

1. d4 Nf6 2. c4 g6 3. Nc3 Bg7 4. e4 d6 5. Nf3 O-O 6. Be2 e5 7. dxe5 dxe5 8.
Qxd8 Rxd8 9. Bg5 Re8 10. O-O-O h6 11. Bh4 Na6 12. Nd2 c6 13. Nb3 Nd7 14. f3
Ndc5 15. Bf2 Ne6 16. c5 Nac7 17. Bc4 Rd8 18. Rxd8+ Nxd8 19. Rd1 Nde6 20. Be3
Kf8 21. a3 Ke8 22. Na5 Rb8 23. Ba2 Ke7 24. b4 h5 25. Rd3 Bf6 26. Nd5+ cxd5 27.
exd5 Nd8 28. c6 bxc6 29. d6+ Kd7 30. dxc7+ Kxc7 31. Bxa7 Ra8 32. Be3 Bf5 33.
Rd2 Ne6 34. Bc4 Rd8 35. Bxe6 Bxe6 36. Rxd8 Bxd8 37. Kc2 f5 38. f4 e4 39. Nb3
Bc4 40. Bd4 Kd6 41. Nc5 Kd5 42. Be3 Bf6 43. Nd7 Bd3+ 44. Kd2 Bg7 45. g3 Kc4 46.
Ne5+ Bxe5 47. fxe5 Kb3 48. e6 Bc4 49. e7 Bf7 50. h4 Be8 51. Bc5 Kxa3 52. Kc3
1/2-1/2

[Event "41. Torneo de Ajedrez Villa de Mislata"]
[Site "Mislata ESP"]
[Date "2007.08.26"]
[Round "5.12"]
[White "Villa Izquierdo, Robert"]
[Black "Garcia Ramos, Javier"]
[Result "1-0"]
[WhiteElo "2152"]
[BlackElo "2242"]
[PlyCount "99"]
[EventDate "2007.08.23"]
[EventType "swiss"]
[EventRounds "9"]
[EventCountry "ESP"]
[Source "lmi"]
[SourceDate "2007.08.23"]

1. d4 d5 2. e3 Nf6 3. Bd3 Nc6 4. f4 Nb4 5. Nf3 Nxd3+ 6. cxd3 Bf5 7. O-O e6 8.
Ne5 c5 9. g4 Bg6 10. h4 h5 11. f5 exf5 12. gxf5 Bh7 13. Qa4+ Nd7 14. Nc3 f6 15.
Qxd7+ Qxd7 16. Nxd7 Kxd7 17. dxc5 Bxc5 18. Nxd5 Rhe8 19. d4 Bd6 20. Nc3 Rac8
21. a3 Bg3 22. Kg2 Bxh4 23. e4 Bg8 24. Kf3 g6 25. Rh1 g5 26. Be3 Bc4 27. Rad1
a5 28. e5 Bb3 29. e6+ Ke7 30. Rc1 Rxc3 31. bxc3 Bd5+ 32. Ke2 Bxh1 33. Rxh1 b5
34. Rb1 Rb8 35. c4 b4 36. axb4 Rxb4 37. Rc1 Rb2+ 38. Kd3 Bg3 39. Ra1 Bc7 40. c5
h4 41. d5 Rb3+ 42. Ke2 Rb2+ 43. Kf3 Rb5 44. d6+ Bxd6 45. cxd6+ Kxd6 46. Rd1+
Ke7 47. Rd7+ Ke8 48. Kg4 h3 49. Bd4 Rb4 50. Kxh3 1-0

[Event "41. Torneo de Ajedrez Villa de Mislata"]
[Site "Mislata ESP"]
[Date "2007.08.26"]
[Round "5.13"]
[White "Garcia Vazquez, Jhoel"]
[Black "Bordes Ibañez, Juan"]
[Result "1-0"]
[WhiteElo "2229"]
[BlackElo "2075"]
[PlyCount "41"]
[EventDate "2007.08.23"]
[EventType "swiss"]
[EventRounds "9"]
[EventCountry "ESP"]
[Source "lmi"]
[SourceDate "2007.08.23"]

1. d4 e6 2. Nf3 c5 3. g3 cxd4 4. Nxd4 Nf6 5. Bg2 Nc6 6. c4 Bb4+ 7. Nc3 Qa5 8.
O-O O-O 9. Nb3 Qc7 10. Nb5 Qb8 11. Bf4 e5 12. Bg5 Be7 13. c5 b6 14. Nd6 bxc5
15. Nf5 Bd8 16. Nxc5 d5 17. Ne3 Be6 18. Bxf6 Bxf6 19. Nxd5 Bxd5 20. Qxd5 Qb4
21. Nd3 1-0

[Event "41. Torneo de Ajedrez Villa de Mislata"]
[Site "Mislata ESP"]
[Date "2007.08.26"]
[Round "5.14"]
[White "Cruz Lledo, Pablo"]
[Black "Monell Camarasa, David"]
[Result "1/2-1/2"]
[WhiteElo "1964"]
[BlackElo "2224"]
[PlyCount "88"]
[EventDate "2007.08.23"]
[EventType "swiss"]
[EventRounds "9"]
[EventCountry "ESP"]
[Source "lmi"]
[SourceDate "2007.08.23"]

1. d4 d5 2. c4 c6 3. Nf3 Nf6 4. e3 e6 5. Qc2 Bd6 6. b3 O-O 7. Bd3 Nbd7 8. Bb2
Re8 9. Ne5 g6 10. Nd2 Qc7 11. f4 Nh5 12. O-O Ng7 13. e4 f6 14. Nxd7 Bxd7 15. e5
fxe5 16. fxe5 Be7 17. c5 Rf8 18. Nf3 Nf5 19. Rae1 Rf7 20. Bc1 b6 21. b4 a5 22.
a3 Bc8 23. g4 Ng7 24. Ng5 Rxf1+ 25. Rxf1 Bxg5 26. Bxg5 axb4 27. Qf2 Bb7 28.
cxb6 Qd7 29. axb4 Qe8 30. b5 Ra3 31. bxc6 Bxc6 32. Be2 Rb3 33. Bd8 Rb2 34. Bc7
h5 35. h3 Qe7 36. Qe3 Qh4 37. Rf2 Rb1+ 38. Kg2 Kh7 39. gxh5 Nf5 40. hxg6+ Kg7
41. Rxf5 exf5 42. e6 Kxg6 43. e7 Qe4+ 44. Qxe4 fxe4 1/2-1/2

[Event "41. Torneo de Ajedrez Villa de Mislata"]
[Site "Mislata ESP"]
[Date "2007.08.26"]
[Round "5.15"]
[White "Angulo Martinez, Jon"]
[Black "Soler Nadal, Jose Antonio"]
[Result "1-0"]
[WhiteElo "2198"]
[BlackElo "1939"]
[PlyCount "51"]
[EventDate "2007.08.23"]
[EventType "swiss"]
[EventRounds "9"]
[EventCountry "ESP"]
[Source "lmi"]
[SourceDate "2007.08.23"]

1. e4 c6 2. Nc3 d5 3. d4 dxe4 4. Nxe4 Nf6 5. Ng3 Bg4 6. Qd3 Qb6 7. h3 Bd7 8.
Nf3 Na6 9. a3 Nc7 10. Be2 c5 11. dxc5 Qxc5 12. O-O Qd5 13. Qe3 Qe6 14. Qd2 Ne4
15. Nxe4 Qxe4 16. Bd3 Qd5 17. c4 Qh5 18. Qf4 O-O-O 19. Ne5 Ba4 20. Bf5+ Ne6 21.
Bxe6+ fxe6 22. Be3 g5 23. Qe4 Bh6 24. Bxa7 Qg6 25. Qe3 Rd6 26. Qc5+ 1-0

[Event "41. Torneo de Ajedrez Villa de Mislata"]
[Site "Mislata ESP"]
[Date "2007.08.26"]
[Round "5.16"]
[White "Vega Gutierrez, Sabrina"]
[Black "Trabazos Gallego, Javier"]
[Result "1/2-1/2"]
[WhiteElo "2321"]
[BlackElo "1860"]
[PlyCount "99"]
[EventDate "2007.08.23"]
[EventType "swiss"]
[EventRounds "9"]
[EventCountry "ESP"]
[Source "lmi"]
[SourceDate "2007.08.23"]

1. e4 d5 2. exd5 Nf6 3. Nf3 Bg4 4. d4 Qxd5 5. Nc3 Qd7 6. h3 Bxf3 7. Qxf3 c6 8.
Be3 e6 9. Qg3 g6 10. Qe5 Bg7 11. Ne4 Nh5 12. Qxg7 Nxg7 13. Nf6+ Ke7 14. Nxd7
Nxd7 15. g4 h5 16. Bg2 hxg4 17. hxg4 Rxh1+ 18. Bxh1 Rh8 19. Bf3 Nb6 20. b3 f5
21. Bg5+ Kf7 22. Ke2 Re8 23. Bh6 fxg4 24. Bxg4 Nf5 25. Bxf5 exf5+ 26. Kd3 Nd5
27. c4 Nf6 28. f3 Rh8 29. Bf4 Rh3 30. Ke2 Nh5 31. Bb8 f4 32. d5 Ng3+ 33. Kd3 g5
34. Re1 Nf5 35. Ke4 Ng3+ 36. Kd4 Nf5+ 37. Ke5 Ne3 38. Rg1 Rxf3 39. Rxg5 Rg3 40.
Kxf4 Rxg5 41. Kxg5 cxd5 42. Bxa7 Nc2 43. Bc5 dxc4 44. bxc4 Ke6 45. Kf4 Ne1 46.
Ke4 Kd7 47. Bf2 Nc2 48. Kd5 Nb4+ 49. Kd4 Kc6 50. a4 1/2-1/2

[Event "41. Torneo de Ajedrez Villa de Mislata"]
[Site "Mislata ESP"]
[Date "2007.08.26"]
[Round "5.17"]
[White "Gomez Jurado, Luis Alberto"]
[Black "O'Neill Daneyco, Jose Antonio"]
[Result "1-0"]
[WhiteElo "2301"]
[BlackElo "2047"]
[PlyCount "93"]
[EventDate "2007.08.23"]
[EventType "swiss"]
[EventRounds "9"]
[EventCountry "ESP"]
[Source "lmi"]
[SourceDate "2007.08.23"]

1. d4 Nf6 2. Nf3 e6 3. c4 b6 4. a3 Bb7 5. Nc3 d5 6. cxd5 Nxd5 7. Qc2 Be7 8. e4
Nxc3 9. bxc3 O-O 10. Bd3 c5 11. O-O Qc7 12. Qe2 Nc6 13. d5 c4 14. Bxc4 Na5 15.
Ba2 exd5 16. exd5 Bf6 17. Bb2 Rfd8 18. Rfd1 Rac8 19. Nd4 Bxd5 20. Nb5 Bc4 21.
Rxd8+ Rxd8 22. Nxc7 Bxe2 23. Nd5 Bc4 24. Bxc4 Nxc4 25. Rd1 Rxd5 26. Rxd5 Nxb2
27. Rd7 g6 28. Rxa7 Bxc3 29. Kf1 Bd4 30. Ke2 Bc5 31. f3 h5 32. a4 Nc4 33. Kd3
Ne3 34. Rc7 Nd5 35. Rc8+ Kg7 36. Kc4 Ne3+ 37. Kb5 Nd5 38. a5 Ne7 39. Rd8 Nf5
40. a6 Nd4+ 41. Rxd4 Bxd4 42. a7 Bg1 43. h3 Bd4 44. a8=Q Bc5 45. Qd5 Kf6 46. f4
Ke7 47. Kc6 1-0

[Event "41. Torneo de Ajedrez Villa de Mislata"]
[Site "Mislata ESP"]
[Date "2007.08.26"]
[Round "5.18"]
[White "Mezquita Broch, Pascual"]
[Black "Asensio Lisan, Teodoro"]
[Result "0-1"]
[WhiteElo "2034"]
[BlackElo "2276"]
[PlyCount "110"]
[EventDate "2007.08.23"]
[EventType "swiss"]
[EventRounds "9"]
[EventCountry "ESP"]
[Source "lmi"]
[SourceDate "2007.08.23"]

1. e4 c6 2. d4 d5 3. e5 c5 4. c3 Nc6 5. Nf3 Bf5 6. Bd3 Bg4 7. Bb5 e6 8. dxc5
Qc7 9. b4 Bxf3 10. Qxf3 Qxe5+ 11. Qe3 Qc7 12. Nd2 Nge7 13. Nf3 Nf5 14. Qe5 Qd7
15. Bxc6 Qxc6 16. O-O f6 17. Qe2 Kf7 18. Nd4 Nxd4 19. cxd4 Qa4 20. Bd2 Re8 21.
Bc3 g6 22. Rfb1 Qd7 23. a4 h5 24. b5 e5 25. dxe5 Bxc5 26. Qf3 Re6 27. exf6 d4
28. Qd3 Qd6 29. Bd2 h4 30. h3 Rh5 31. Re1 Rhe5 32. Rxe5 Qxe5 33. Re1 Qf5 34.
Qc4 b6 35. Qxe6+ Qxe6 36. Rxe6 Kxe6 37. Bg5 Kf5 38. Bd2 Kxf6 39. Kf1 d3 40. Ke1
Ke5 41. g3 Kd4 42. Bf4 Kc3 43. Kd1 Bxf2 44. gxh4 Kb4 45. Bb8 Kxa4 46. Bxa7 Kxb5
47. Kd2 Kc4 48. h5 gxh5 49. Bb8 b5 50. Bd6 Bb6 51. Ba3 Ba5+ 52. Kd1 Kd4 53.
Bb2+ Bc3 54. Bc1 b4 55. Bh6 Ke4 0-1

[Event "41. Torneo de Ajedrez Villa de Mislata"]
[Site "Mislata ESP"]
[Date "2007.08.26"]
[Round "5.19"]
[White "Pradas Soriano, Ernesto"]
[Black "Sanchez Romero, Miguel Angel"]
[Result "0-1"]
[WhiteElo "2021"]
[BlackElo "2261"]
[PlyCount "56"]
[EventDate "2007.08.23"]
[EventType "swiss"]
[EventRounds "9"]
[EventCountry "ESP"]
[Source "lmi"]
[SourceDate "2007.08.23"]

1. d4 Nf6 2. c4 d6 3. Nc3 g6 4. e4 Bg7 5. Be2 O-O 6. Bg5 c5 7. d5 h6 8. Be3 e6
9. dxe6 Bxe6 10. h3 Nc6 11. Qd2 Na5 12. Bxh6 Nxc4 13. Bxc4 Bxc4 14. Bxg7 Kxg7
15. O-O-O b5 16. Qf4 Nh5 17. Qd2 b4 18. g4 Nf6 19. f3 Qa5 20. g5 Nh5 21. Nd5
Qxa2 22. Qe3 Bb3 23. Ne2 Qa1+ 24. Kd2 Qxb2+ 25. Ke1 Bxd1 26. Kxd1 Qa1+ 27. Nc1
Rab8 28. Rh2 b3 0-1

[Event "41. Torneo de Ajedrez Villa de Mislata"]
[Site "Mislata ESP"]
[Date "2007.08.26"]
[Round "5.20"]
[White "Arraiz Pérez, Daniel"]
[Black "Carbonell Bofill, Carlos"]
[Result "1/2-1/2"]
[WhiteElo "1964"]
[BlackElo "2250"]
[PlyCount "31"]
[EventDate "2007.08.23"]
[EventType "swiss"]
[EventRounds "9"]
[EventCountry "ESP"]
[Source "lmi"]
[SourceDate "2007.08.23"]

1. e4 e6 2. d4 d5 3. Nd2 dxe4 4. Nxe4 Nf6 5. Nxf6+ gxf6 6. Bf4 b6 7. c3 Nd7 8.
Nf3 Bg7 9. Bb5 Bb7 10. Qd2 a6 11. Ba4 b5 12. Bc2 e5 13. Bh6 Bxh6 14. Qxh6 Qe7
15. O-O-O O-O-O 16. Rhe1 1/2-1/2

[Event "41. Torneo de Ajedrez Villa de Mislata"]
[Site "Mislata ESP"]
[Date "2007.08.26"]
[Round "5.34"]
[White "Marin Corresa, Arturo"]
[Black "Cucarella, Angels"]
[Result "1-0"]
[WhiteElo "2183"]
[BlackElo "1921"]
[PlyCount "59"]
[EventDate "2007.08.23"]
[EventType "swiss"]
[EventRounds "9"]
[EventCountry "ESP"]
[Source "lmi"]
[SourceDate "2007.08.23"]

1. e4 c5 2. Nf3 e6 3. d4 cxd4 4. Nxd4 Nc6 5. Nc3 Qc7 6. Be3 a6 7. Be2 Nf6 8.
O-O Bb4 9. Na4 Be7 10. Nxc6 bxc6 11. Bd3 c5 12. c4 Bb7 13. Nc3 d6 14. f4 O-O
15. Qe2 Rad8 16. Rae1 Nd7 17. Rf3 f5 18. Rh3 g6 19. Bf2 Rf7 20. exf5 exf5 21.
Qxe7 Rxe7 22. Rxe7 Qc6 23. Nd5 Qc8 24. Rhxh7 Bxd5 25. cxd5 Nf6 26. Rhg7+ Kh8
27. Bh4 Nxd5 28. Rh7+ Kg8 29. Bc4 Qc6 30. Bf6 1-0